| Tag |
First Indicator |
Second Indicator |
Subfields |
| LEADER |
00000cas a2200000 4500 |
| 001 |
in00001663403 |
| 005 |
20151024121756.0 |
| 008 |
800125d19671994sa qrzp 0 a0eng d |
| 010 |
|
|
|a sn 86012707
|
| 022 |
|
|
|a 0250-0035
|
| 035 |
|
|
|a (OCoLC)ocm05916056
|
| 040 |
|
|
|a IUL
|c IUL
|d AIP
|d NST
|d EBZ
|d TXA
|d UtOrBLW
|
| 042 |
|
|
|a nsdp
|
| 049 |
|
|
|a TXAM
|
| 090 |
|
|
|a PE68.S7
|b C95
|
| 210 |
0 |
|
|a Crux
|b (Pretoria)
|
| 222 |
|
0 |
|a Crux
|b (Pretoria)
|
| 245 |
0 |
0 |
|a Crux.
|
| 264 |
|
1 |
|a [Pretoria] :
|b Foundation for Education, Science and Technology.
|
| 300 |
|
|
|a volumes ;
|c 24 cm.
|
| 310 |
|
|
|a Quarterly
|
| 336 |
|
|
|a text
|b txt
|2 rdacontent
|
| 337 |
|
|
|a unmediated
|b n
|2 rdamedia
|
| 338 |
|
|
|a volume
|b nc
|2 rdacarrier
|
| 362 |
0 |
|
|a v. 1- 1967-
|
| 362 |
1 |
|
|a Ceased with v. 28, no. 3 published in 1994.
|
| 510 |
2 |
|
|a MLA international bibliography of books and articles on the modern languages and literatures (Complete edition)
|x 0024-8215
|
| 510 |
2 |
|
|a Language teaching
|x 0261-4448
|
| 650 |
|
0 |
|a English language
|x Study and teaching
|z South Africa
|x Periodicals.
|
| 650 |
|
0 |
|a English literature
|x Study and teaching
|x Periodicals.
|
| 650 |
|
0 |
|a Education
|z South Africa
|v Periodicals.
|
| 650 |
|
0 |
|a South African literature (English)
|x Study and teaching.
|
| 710 |
2 |
|
|a Foundation for Education, Science, and Technology (South Africa)
|
| 850 |
|
|
|a TxDaM-P
|
| 936 |
|
|
|a Oct./Dec. 1971
|
| 994 |
|
|
|a E0
|b TXA
|
| 999 |
|
|
|a MARS
|
| 999 |
f |
f |
|s ac2e036e-9342-3c50-9574-13badfafece8
|i 00ad2b34-e46a-3d68-9e1f-b23649eb531d
|t 0
|
| 952 |
f |
f |
|a Texas A&M University
|b College Station
|c Sterling C. Evans Library
|d Evans: Library Stacks
|e PE68.S7 C95
|h Library of Congress classification
|i unmediated -- volume
|k 23
|l 1989
|m A14828585372
|p serial
|s Evans stk
|t 0
|
| 952 |
f |
f |
|a Texas A&M University
|b College Station
|c Sterling C. Evans Library
|d Evans: Library Stacks
|e PE68.S7 C95
|h Library of Congress classification
|i unmediated -- volume
|k 21
|l 1987
|m A14828585330
|p serial
|s Evans stk
|t 0
|
| 952 |
f |
f |
|a Texas A&M University
|b College Station
|c Sterling C. Evans Library
|d Evans: Library Stacks
|e PE68.S7 C95
|h Library of Congress classification
|i unmediated -- volume
|k v.19
|l 1985
|m A14835075922
|p serial
|s Evans stk
|t 0
|
| 952 |
f |
f |
|a Texas A&M University
|b College Station
|c Sterling C. Evans Library
|d Evans: Library Stacks
|e PE68.S7 C95
|h Library of Congress classification
|i unmediated -- volume
|k 18:2-3/4
|l 1984:Apr.-Oct.
|m A14835075883
|p serial
|s Evans stk
|t 0
|
| 952 |
f |
f |
|a Texas A&M University
|b College Station
|c Sterling C. Evans Library
|d Evans: Library Stacks
|e PE68.S7 C95
|h Library of Congress classification
|i unmediated -- volume
|k 17
|l 1983
|m A14828585403
|p serial
|s Evans stk
|t 0
|
| 952 |
f |
f |
|a Texas A&M University
|b College Station
|c Sterling C. Evans Library
|d Evans: Library Stacks
|e PE68.S7 C95
|h Library of Congress classification
|i unmediated -- volume
|k v.24:1-2
|l 1990:Feb.-May
|m A14835075964
|p serial
|s Evans stk
|t 0
|
| 952 |
f |
f |
|a Texas A&M University
|b College Station
|c Sterling C. Evans Library
|d Evans: Library Stacks
|e PE68.S7 C95
|h Library of Congress classification
|i unmediated -- volume
|k v.16
|l 1982
|m A14828585364
|p serial
|s Evans stk
|t 0
|
| 952 |
f |
f |
|a Texas A&M University
|b College Station
|c Sterling C. Evans Library
|d Evans: Library Stacks
|e PE68.S7 C95
|h Library of Congress classification
|i unmediated -- volume
|k 22
|l 1988
|m A14828585411
|p serial
|s Evans stk
|t 0
|
| 952 |
f |
f |
|a Texas A&M University
|b College Station
|c Sterling C. Evans Library
|d Evans: Library Stacks
|e PE68.S7 C95
|h Library of Congress classification
|i unmediated -- volume
|k 14:2
|l 1980:June
|m A14835075760
|p serial
|s Evans stk
|t 0
|
| 952 |
f |
f |
|a Texas A&M University
|b College Station
|c Sterling C. Evans Library
|d Evans: Library Stacks
|e PE68.S7 C95
|h Library of Congress classification
|i unmediated -- volume
|k v.28:1-3
|l 1994:Feb.-Aug.
|m A14835076041
|p serial
|s Evans stk
|t 0
|
| 952 |
f |
f |
|a Texas A&M University
|b College Station
|c Sterling C. Evans Library
|d Evans: Library Stacks
|e PE68.S7 C95
|h Library of Congress classification
|i unmediated -- volume
|k 20
|l 1986
|m A14828585445
|p serial
|s Evans stk
|t 0
|
| 998 |
f |
f |
|a PE68.S7 C95
|s 28:1-3 (1994:Feb.-Aug.)
|t 0
|l Evans: Library Stacks
|